Proyecto sobre empleo rural, estado y políticas públicas en Centroamérica. Sección El Salavador /

Guardat en:
Dades bibliogràfiques
Autor principal: Colindres, Eduardo
Altres autors: Mena Rodríguez, David, Villacorta, Jorge
Format: Text
Publicat: San Salvador :
Etiquetes: Afegir etiqueta
Sense etiquetes, Sigues el primer a etiquetar aquest registre!

MARC

LEADER 00000 a a2200000 04500
001 16403
003
040
090 |a 013100  
100 |a Colindres, Eduardo  
245 |a Proyecto sobre empleo rural, estado y políticas públicas en Centroamérica. Sección El Salavador /  |c Eduardo Colindres 
260 |a San Salvador :  
300 |a 30 p.  
700 |a Mena Rodríguez, David  
700 |a Villacorta, Jorge  
999 |c 9427  |d 9427